Финансово-экономические аспекты реализации газовых программ северных регионов на примере республики Саха-Якутия; Горный информационно-аналитический бюллетень. Отдельный выпуск; № S4 (1)

Podrobná bibliografie
Parent link:Горный информационно-аналитический бюллетень. Отдельный выпуск: научно-технический журнал.— , 2005-
№ S4 (1).— 2013.— [С. 263-267]
Hlavní autor: Чухарева Н. В. Наталья Вячеславовна
Korporativní autor: Национальный исследовательский Томский политехнический университет (ТПУ) Институт природных ресурсов (ИПР) Кафедра транспорта и хранения нефти и газа (ТХНГ)
Další autoři: Шарф И. В. Ирина Валерьевна
Shrnutí:Заглавие с экрана
Рассмотрены финансовые аспекты реализации программ по обеспечению энергетической безопасности регионов Крайнего Севера на приме ре Республики Саха (Якутия). Показана экономическая эффективность замены привозного топлива на газ, и динамика долевого участия федерального бюджета, бюджета Республики, кредитных организаций и инвестиционных компаний в финансировании проектов.
Режим доступа: по договору с организацией-держателем ресурса
Jazyk:ruština
Vydáno: 2013
Témata:
On-line přístup:http://elibrary.ru/item.asp?id=21450158
Médium: Elektronický zdroj Kapitola
KOHA link:https://koha.lib.tpu.ru/cgi-bin/koha/opac-detail.pl?biblionumber=642543

MARC

LEADER 00000nla0a2200000 4500
001 642543
005 20250205154221.0
035 |a (RuTPU)RU\TPU\network\7500 
090 |a 642543 
100 |a 20150626d2013 k||y0rusy50 ca 
101 0 |a rus 
102 |a RU 
135 |a drcn ---uucaa 
181 0 |a i  
182 0 |a b 
200 1 |a Финансово-экономические аспекты реализации газовых программ северных регионов на примере республики Саха-Якутия  |f Н. В. Чухарева, И. В. Шарф 
203 |a Текст  |c электронный 
300 |a Заглавие с экрана 
330 |a Рассмотрены финансовые аспекты реализации программ по обеспечению энергетической безопасности регионов Крайнего Севера на приме ре Республики Саха (Якутия). Показана экономическая эффективность замены привозного топлива на газ, и динамика долевого участия федерального бюджета, бюджета Республики, кредитных организаций и инвестиционных компаний в финансировании проектов. 
333 |a Режим доступа: по договору с организацией-держателем ресурса 
461 |t Горный информационно-аналитический бюллетень. Отдельный выпуск  |o научно-технический журнал  |d 2005- 
463 |t № S4 (1)  |v [С. 263-267]  |d 2013 
610 1 |a труды учёных ТПУ 
700 1 |a Чухарева  |b Н. В.  |c специалист в области нефтегазового дела  |c доцент Томского политехнического университета, кандидат химических наук  |f 1967-  |g Наталья Вячеславовна  |3 (RuTPU)RU\TPU\pers\26133  |9 11962 
701 1 |a Шарф  |b И. В.  |g Ирина Валерьевна  |f 1969-  |c экономист  |c профессор Томского политехнического университета, доктор экономических наук  |3 (RuTPU)RU\TPU\pers\29312  |9 13899 
712 0 2 |a Национальный исследовательский Томский политехнический университет (ТПУ)  |b Институт природных ресурсов (ИПР)  |b Кафедра транспорта и хранения нефти и газа (ТХНГ)  |3 (RuTPU)RU\TPU\col\18661 
801 1 |a RU  |b 63413507  |c 20100524 
801 2 |a RU  |b 63413507  |c 20160229  |g RCR 
856 4 0 |u http://elibrary.ru/item.asp?id=21450158 
942 |c CF